An Autobiography OR The Story of my experiments wityh truth M K Gandhi (Record no. 53230)

MARC details
000 -LEADER
fixed length control field 00370nam a2200121Ia 4500
008 - FIXED-LENGTH DATA ELEMENTS--GENERAL INFORMATION
fixed length control field 220610s9999 xx 000 0 und d
082 ## - DEWEY DECIMAL CLASSIFICATION NUMBER
Classification number 891.46
Item number DES
100 ## - MAIN ENTRY--PERSONAL NAME
Personal name Desai Mahadev
9 (RLIN) 129073
245 ## - TITLE STATEMENT
Title An Autobiography OR The Story of my experiments wityh truth M K Gandhi
260 ## - PUBLICATION, DISTRIBUTION, ETC. (IMPRINT)
Place of publication, distribution, etc. Ahmedabad
Name of publisher, distributor, etc. Navajivan Publlishing House
Date of publication, distribution, etc. 2008
300 ## - PHYSICAL DESCRIPTION
Extent 464 P
Other physical details PB
906 ## - LOCAL DATA ELEMENT F, LDF (RLIN)
a 0
b GB
Holdings
Withdrawn status Lost status Damaged status Not for loan Home library Current library Date acquired Vendor Cost, normal purchase price Total Checkouts Full call number Barcode Date last seen Date last checked out Cost, replacement price Bill Date Koha item type Original Barcode
        Cummins College of Engineering for Women Nagpur Cummins College of Engineering for Women Nagpur 07/02/2014 Donar 30.00 1 891.46/DES/ CEWN-DB-83 12/03/2025 07/03/2025 30.00 10/06/2022 Donated Book D00083